01022nam a2200193 i 4500001000700000003000900007005001700016008004100033245005900074260011600133300004800249490012800297650003400425710009200459830011400551852002200665999001900687952012200706184828ES-MaACL20250811091924.0160203s1964 sp |||| | spa d03aLa Agricultura y el desarrollo económico y regional. aMadrid : b[Servicio Nacional de Concentración Parcelaria y Ordenación Rural], c1964 (fGráf. E. Casado) a106 p., 6 h. graf. pleg. : bil. ; c24 cm.1 aMinisterio de Agricultura. Servicio Nacional de Concentración Parcelaria y Ordenación Rural. Serie Monográfica ; v1204aAgricultura-zEspaña.996800 aEspaña. bServicio Nacional de Concentración Parcelaria y Ordenación Rural.9398200aMinisterio de Agricultura. pServicio Nacional de Concentración Parcelaria y Ordenación Ruralv129225138 aES-MaACLjC-26255 c184828d184828 00104070aATENEOMbATENEOMcDEPO2d2016-02-03eSCl0oC-26255p1194655r2023-02-23 00:00:00w2023-02-23yMONOGRAFIA